[Event "Poznan op"]
[Site "Poznan"]
[Date "1996.??.??"]
[Round "9"]
[White "Debowiak, Marcin"]
[Black "Szwon, K."]
[Result "0-1"]
[WhiteElo "1800"]
[BlackElo "1800"]
[PlyCount "132"]
[EventDate "1996.??.??"]
[EventType "swiss"]
[EventRounds "9"]
[EventCountry "POL"]
[SourceTitle "EXT 2006"]
[Source "ChessBase"]
[SourceDate "2005.11.24"]
[SourceVersion "1"]
[SourceVersionDate "2005.11.24"]
[SourceQuality "1"]

1. e4 Nf6 2. e5 Nd5 3. d4 d6 4. c4 Nb6 5. exd6 exd6 6. Nf3 Bg4 7. h3 Bh5 8. b3 Be7 9. Bb2 0-0 10. Be2 Bf6 11. 0-0 Nc6 12. Nbd2 Bg6 13. Re1 Nb4 14. Rf1 c5 15. Bc3 Nc2 16. Nb1 Nxa1 17. Bxa1 Re8 18. Re1 Nd7 19. Nbd2 a6 20. Nf1 b5 21. Ne3 bxc4 22. Nxc4 Nb6 23. Ne3 h6 24. Ng4 Nd7 25. Nxf6+ Nxf6 26. g4 Nd5 27. Bc4 Rxe1+ 28. Qxe1 Nb4 29. Qc3 Qf6 30. dxc5 Qxc3 31. Bxc3 dxc5 32. a4 Bd3 33. Bxb4 Bxc4 34. Bxc5 Bxb3 35. a5 Rc8 36. Be3 Bd5 37. Nd2 Rc1+ 38. Kh2 Kf8 39. Kg3 Rg1+ 40. Kf4 f6 41. h4 Ra1 42. Bb6 Kf7 43. h5 Ke6 44. Kg3 Kf7 45. Kf4 g6 46. hxg6+ Kxg6 47. Kg3 f5 48. gxf5+ Kxf5 49. f3 Ra2 50. Nf1 Bc6 51. Nh2 Ra3 52. Bc7 Bxf3 53. Nxf3 Ke4 54. Kh4 Rxf3 55. Bd8 Kf5 56. Bb6 Ra3 57. Bd8 Ra1 58. Bc7 Rg1 59. Bb6 Rh1+ 60. Kg3 h5 61. Bd8 Ke4 62. Kg2 Rd1 63. Bb6 Rd5 64. Kg3 Kd3 65. Kh4 Kc4 66. Kg3 Kb4 0-1

[Event "Poznan op"]
[Site "Poznan"]
[Date "1996.??.??"]
[Round "7"]
[White "Huchwajda, Grzegorz"]
[Black "Szwon, K."]
[Result "1-0"]
[WhiteElo "1800"]
[BlackElo "1800"]
[PlyCount "145"]
[EventDate "1996.??.??"]
[EventType "swiss"]
[EventRounds "9"]
[EventCountry "POL"]
[SourceTitle "EXT 2006"]
[Source "ChessBase"]
[SourceDate "2005.11.24"]
[SourceVersion "1"]
[SourceVersionDate "2005.11.24"]
[SourceQuality "1"]

1. e4 Nf6 2. e5 Nd5 3. c4 Nb6 4. d4 d6 5. f4 dxe5 6. fxe5 Nc6 7. Be3 Bf5 8. a3 e6 9. Nf3 Be7 10. Nc3 f6 11. Be2 0-0 12. 0-0 fxe5 13. Nxe5 Nxe5 14. dxe5 Nd7 15. Bf4 c6 16. Kh1 Qc7 17. Qe1 Rad8 18. Qg3 Kh8 19. Rad1 Rg8 20. h4 a5 21. Rd2 Nc5 22. Rfd1 Nb3 23. Rxd8 Rxd8 24. Bg5 Rd4 25. Rxd4 Nxd4 26. Qe3 Bxg5 27. Qxg5 Nxe2 28. Nxe2 Bd3 29. Qh5 Qd7 30. Qg4 Kg8 31. Nc3 Bf5 32. Qd1 Qxd1+ 33. Nxd1 b6 34. b4 axb4 35. axb4 Bd3 36. c5 bxc5 37. bxc5 Kf7 38. Ne3 Ke7 39. Kg1 Kd7 40. Kf2 Kc7 41. Nd1 Bc2 42. Nc3 Kb7 43. Ke3 Ka6 44. Kd4 Ka5 45. Ne2 Bd1 46. Ng3 Ka6 47. Ne4 Kb7 48. Nd6+ Kc7 49. Ke3 Kd7 50. Kf4 Bc2 51. g4 Bd3 52. g5 Ke7 53. Nc8+ Kd7 54. Nb6+ Ke7 55. Na4 Bc2 56. Nc3 Bd3 57. Nd1 Bc2 58. Ne3 Bd3 59. Nd1 Be2 60. Nf2 Bh5 61. Nh1 Bd1 62. Ng3 Kf7 63. Ke3 Kg6 64. Kd2 Bf3 65. Kc3 Kf7 66. Kb4 Ke7 67. Ka5 Kd7 68. Kb6 Ke7 69. Kc7 h6 70. gxh6 gxh6 71. Nf1 Kf7 72. Kd6 Kg6 73. Ng3 1-0

[Event "Poznan op"]
[Site "Poznan"]
[Date "1996.??.??"]
[Round "8"]
[White "Szwon, K."]
[Black "Szymanski, Bronislaw"]
[Result "1-0"]
[WhiteElo "1800"]
[BlackElo "1800"]
[PlyCount "89"]
[EventDate "1996.??.??"]
[EventType "swiss"]
[EventRounds "9"]
[EventCountry "POL"]
[SourceTitle "EXT 2006"]
[Source "ChessBase"]
[SourceDate "2005.11.24"]
[SourceVersion "1"]
[SourceVersionDate "2005.11.24"]
[SourceQuality "1"]

1. d4 d5 2. c4 c6 3. Nf3 g6 4. Nc3 f6 5. h4 Bg4 6. Nh2 Qd7 7. Nxg4 Qxg4 8. cxd5 cxd5 9. Nxd5 Qd7 10. Nc3 a6 11. Bf4 e6 12. e3 Nc6 13. Be2 Bh6 14. Bg3 Nge7 15. 0-0 0-0 16. Rc1 Rac8 17. Bf3 Rfd8 18. Ne4 Bg7 19. Nc5 Qe8 20. Nxe6 Rd7 21. Nc5 Rcd8 22. Nxd7 Qxd7 23. d5 Nxd5 24. Bxd5+ Qxd5 25. Qxd5+ Rxd5 26. Rfd1 Rxd1+ 27. Rxd1 f5 28. b3 a5 29. Rd7 b5 30. Rc7 Ne5 31. Rxg7+ Kxg7 32. Bxe5+ Kf7 33. a4 bxa4 34. bxa4 Ke6 35. Bc3 Kd5 36. Bxa5 Kc5 37. Bd8 Kc6 38. a5 Kb7 39. f3 Ka6 40. e4 fxe4 41. fxe4 Kb5 42. e5 Kc6 43. e6 Kd6 44. e7 Kd7 45. a6 1-0